LEADER 01149nam0-22003251i-450- 001 990004673480403321 005 19990530 035 $a000467348 035 $aFED01000467348 035 $a(Aleph)000467348FED01 035 $a000467348 100 $a19990530g19739999km-y0itay50------ba 101 0 $aita 105 $ay-------001yy 200 1 $aPseudhippokrates Ueber die Nahrung$eText, Kommentar und Wuerdigung einer stoisch-heraklitisierenden Schrift aus der Zeit um Christi Geburt$fvon Karl 200 1 $aDeichgraeber 210 $aMainz , Wiesbaden$cAkademie der Wissenschaften und der Literatur , Steiner$d1973. 215 $a88 p.$d24 cm 225 1 $aAbhandlungen der Akademie der Wissenschaften und der Literatur . Geistes- und sozialwissenschaftliche Klasse$v1973 3 500 1 $a$921710 700 1$aHippocrates$f<460-370 a. C.>$0157241 702 1$aDeichgraber,$bKarl 801 0$aIT$bUNINA$gRICA$2UNIMARC 801 0$aIT$bUNINA$gRICA$2UNIMARC 901 $aBK 912 $a990004673480403321 952 $aFCL 1359 (73; 3)$bIst.Fil.Cl.1323$fFLFBC 959 $aFLFBC 996 $aDe diaeta$921710 997 $aUNINA LEADER 01199nam a2200337 i 4500 001 991000731239707536 005 20020507172853.0 008 960603s1979 de ||| | eng 020 $a3540097120 035 $ab10749561-39ule_inst 035 $aLE01301449$9ExL 040 $aDip.to Matematica$beng 082 0 $a519.2 084 $aAMS 60K35 100 1 $aGeorgii, Hans-Otto$047147 245 10$aCanonical Gibbs measures :$bsome extensions of de Finetti's representation theorem for interacting particle systems /$cH. O. Georgii 260 $aBerlin :$bSpringer-Verlag,$c1979 300 $aviii, 190 p. ;$c24 cm. 490 0 $aLecture notes in mathematics,$x0075-8434 ;$v760 500 $aBibliography: p. [182]-187. 500 $aIncludes index 650 4$aMeasure theory 650 4$aParticles 650 4$aProbabilities 650 4$aRandom processes 907 $a.b10749561$b23-02-17$c28-06-02 912 $a991000731239707536 945 $aLE013 60K GEO11 (1979)$g1$i2013000049304$lle013$o-$pE0.00$q-$rl$s- $t0$u1$v0$w1$x0$y.i10842342$z28-06-02 996 $aCanonical Gibbs measures$9343380 997 $aUNISALENTO 998 $ale013$b01-01-96$cm$da $e-$feng$gde $h0$i1